000 01100nam a22002415i 4500
001 157931
003 ES-MaACL
005 20250902063108.0
008 990218s1895 fr |||| | fre d
040 _aCAM
_bspa
_cCAM
100 1 _aLombroso, Cesare,
_d1835-1909
_9242173
245 1 2 _aL'homme criminel
_b: criminel-né, fou moral, épileptique, crimine fou, criminel d'occasion, crimine par passion : étude anthropologique et psychiatrique /
_cpar César Lombroso.
250 _a2e éd. française, traduite sur la cinquième édition italienne.
260 _aParis :
_bAncienne Librairie Germer Bailliere et cie, Felix Alcan éditeur,
_c1895 (
_eTurin :
_fImprimerie Camilla et Bertolero)
300 _a2 v. (XLIV, 567 ; 583 p.) ;
_c22 cm.
490 1 _aBibliothéque de philosophie contemporaine
650 1 7 _aAntropología criminal
_2embne
_99866
650 4 _aDelincuentes-
_xPsicología.
_911556
650 4 _aCriminología.
_9135832
830 0 _aBibliothéque de philosophie contemporaine
_9181027
852 _aES-MaACL
_jB-5376-77
_z-- Enc. hol.
999 _c157931
_d157931